El Molinete de Cartagena : (Record no. 131646)

MARC details
000 -LEADER
campo de control de longitud fija 00764nam a2200229 4500
001 - NÚMERO DE CONTROL
campo de control 131646
003 - IDENTIFICADOR DE NÚMERO DE CONTROL
campo de control ES-MaACL
005 - FECHA Y HORA DE LA ÚLTIMA TRANSACCIÓN
campo de control 20230906194023.0
007 - CAMPO FIJO DE DESCRIPCIÓN FÍSICA--INFORMACIÓN GENERAL
campo de control de longitud fija t|
008 - DATOS DE LONGITUD FIJA--INFORMACIÓN GENERAL
campo de control de longitud fija 070214s1970 sp r ||||1| spa d
100 1# - ENTRADA PRINCIPAL--NOMBRE DE PERSONA
Nombre de persona Rodríguez Cánovas, José.
9 (RLIN) 98404
245 13 - MENCIÓN DEL TÍTULO
Título El Molinete de Cartagena :
Resto del título apuntes para su historia /
Mención de responsabilidad, etc. José Rodríguez Cánovas ; dibujos de Enrique G. Navarro ; prólogo de Alberto Colao.
260 ## - PUBLICACIÓN, DISTRIBUCIÓN, ETC.
Lugar de publicación, distribución, etc. Cartagena :
Nombre del editor, distribuidor, etc. Athenas,
Fecha de publicación, distribución, etc. 1970.
300 ## - DESCRIPCIÓN FÍSICA
Extensión 91 p. :
Otras características físicas il. ;
Dimensiones 20 cm.
490 1# - MENCIÓN DE SERIE
Mención de serie Almarjal ;
Designación de volumen o secuencia 27
651 #4 - PUNTO DE ACCESO ADICIONAL DE MATERIA--NOMBRE GEOGRÁFICO
Nombre geográfico Cartagena-
Subdivisión general Historia.
9 (RLIN) 7970
700 1# - ENTRADA AGREGADA--NOMBRE PERSONAL
Nombre de persona Navarro, Enrique Gabriel.
9 (RLIN) 143749
700 1# - ENTRADA AGREGADA--NOMBRE PERSONAL
Nombre de persona Colao, Alberto.
9 (RLIN) 39546
830 1# - PUNTO DE ACCESO ADICIONAL DE SERIE-TÍTULO UNIFORME
Título uniforme Almarjal ;
Designación de volumen o secuencia 27
9 (RLIN) 186869
852 ## - LOCALIZACIÓN
Ubicación ES-MaACL
Número de control de estantería C-49019
Holdings
Estatus retirado Estado de pérdida Estado de daño No para préstamo Biblioteca de origen Biblioteca actual Ubicación en estantería Fecha de adquisición Fuente de adquisición Total de préstamos Signatura topográfica completa Código de barras Visto por última vez Precio de reemplazo Tipo de ítem Koha
        Biblioteca del Ateneo de Madrid Biblioteca del Ateneo de Madrid Depósito 2 17/01/2008     C-49019 1137048 23/02/2023 23/02/2023 Libro impreso